[Event "TUR-chT 1st League"]
[Site "Konya"]
[Date "2019.07.28"]
[Round "9.2"]
[White "Gulbeyaz, Emir"]
[Black "Basara, Arda"]
[Result "1-0"]
[WhiteElo "2093"]
[BlackElo "1804"]
[PlyCount "65"]
[EventDate "2019.07.22"]
[EventType "team-swiss"]
[EventRounds "9"]
[EventCountry "TUR"]
[SourceTitle "CBM 191 Extra"]
[Source "ChessBase"]
[SourceDate "2019.09.30"]
[SourceVersion "1"]
[SourceVersionDate "2019.09.30"]
[SourceQuality "1"]
[WhiteTeam "Gokyay Vakfi"]
[BlackTeam "Olbia Satranc"]
[WhiteTeamCountry "TUR"]
[BlackTeamCountry "TUR"]

1. d4 Nf6 2. Bf4 d5 3. e3 c5 4. c3 Nc6 5. Nd2 e6 6. Bd3 Bd6 7. Bxd6 Qxd6 8. f4 b6 9. a3 a5 10. Qe2 Nb8 11. Ngf3 Ba6 12. Bxa6 Nxa6 13. 0-0 0-0 14. Ne5 Ne4 15. Nxe4 dxe4 16. f5 f6 17. Nc4 Qc6 18. fxe6 Nc7 19. dxc5 Qxc5 20. Nd2 Qe5 21. Qc4 f5 22. e7+ Rf7 23. Nb3 Nd5 24. Rad1 Nxe7 25. Rd7 b5 26. Qd4 Qe6 27. Nc5 Qc6 28. Rd8+ Rf8 29. Rd6 Qe8 30. Ne6 Rf6 31. Nc7 Qb8 32. Rxf6 Qxc7 33. Rd6 1-0

[Event "TUR-chT 1st League"]
[Site "Konya"]
[Date "2019.07.26"]
[Round "7.7"]
[White "Basara, Arda"]
[Black "Ozata, Doruk"]
[Result "1/2-1/2"]
[WhiteElo "1804"]
[BlackElo "1730"]
[PlyCount "73"]
[EventDate "2019.07.22"]
[EventType "team-swiss"]
[EventRounds "9"]
[EventCountry "TUR"]
[SourceTitle "CBM 191 Extra"]
[Source "ChessBase"]
[SourceDate "2019.09.30"]
[SourceVersion "1"]
[SourceVersionDate "2019.09.30"]
[SourceQuality "1"]
[WhiteTeam "Olbia Satranc"]
[BlackTeam "Genc Akademisyenler"]
[WhiteTeamCountry "TUR"]
[BlackTeamCountry "TUR"]

1. d4 d5 2. Bf4 c5 3. c3 Nc6 4. e3 cxd4 5. exd4 Bf5 6. Nf3 e6 7. Nbd2 Bd6 8. Bg3 Nge7 9. Nh4 Bg6 10. Be2 a6 11. a4 b6 12. 0-0 0-0 13. Bxd6 Qxd6 14. f4 Be4 15. Nxe4 dxe4 16. g3 f5 17. Ng2 Nd5 18. Bc4 Na5 19. Bxd5 exd5 20. Ne3 g6 21. Qe2 Rfc8 22. g4 Nc4 23. gxf5 Nxe3 24. Qxe3 gxf5 25. Kh1 Kh8 26. Qh3 Qf6 27. Rg1 Rg8 28. Rxg8+ Rxg8 29. Rg1 Rxg1+ 30. Kxg1 Kg7 31. Kf2 b5 32. axb5 axb5 33. Qh5 Qg6 34. Qxg6+ hxg6 35. b4 Kf6 36. h4 Kg7 37. Ke2 1/2-1/2

[Event "TUR Cup"]
[Site "Antalya"]
[Date "2017.01.29"]
[Round "3"]
[White "Simsek, Ibrahim"]
[Black "Basara, Arda"]
[Result "1/2-1/2"]
[WhiteElo "1345"]
[BlackElo "1668"]
[PlyCount "65"]
[EventDate "2017.01.28"]
[EventType "swiss"]
[EventRounds "11"]
[EventCountry "TUR"]
[SourceTitle "CBM 176 Extra"]
[Source "ChessBase"]
[SourceDate "2017.03.02"]
[SourceVersion "1"]
[SourceVersionDate "2017.03.02"]
[SourceQuality "1"]

1. e4 e5 2. Nf3 Nc6 3. Nc3 Bb4 4. d3 d5 5. Bd2 Nf6 6. a3 Bxc3 7. Bxc3 d4 8. Bd2 Bg4 9. Be2 Qd6 10. h3 Bxf3 11. Bxf3 0-0 12. 0-0 Nd7 13. Be2 Ne7 14. f4 f6 15. f5 c5 16. Rf3 Kf7 17. Rg3 Rg8 18. c3 Nc6 19. Qb3+ Ke7 20. Bh5 Raf8 21. c4 Rb8 22. Qd1 a6 23. b3 b6 24. Rb1 Qc7 25. Qe1 Qd8 26. b4 Ra8 27. a4 a5 28. b5 Na7 29. Rg4 Qf8 30. Qg3 Rd8 31. h4 Nc8 32. Qe1 Kd6 33. Rg3 1/2-1/2